Research methodology theory and practice / (Record no. 53368)

MARC details
000 -LEADER
fixed length control field 00611nam a2200217Ia 4500
005 - DATE AND TIME OF LATEST TRANSACTION
control field 20260429112309.0
008 - FIXED-LENGTH DATA ELEMENTS--GENERAL INFORMATION
fixed length control field 260429s9999||||xx |||||||||||||| ||und||
020 ## - INTERNATIONAL STANDARD BOOK NUMBER
International Standard Book Number 9789392262920
041 ## - LANGUAGE CODE
Language English
082 ## - DEWEY DECIMAL CLASSIFICATION NUMBER
Classification number 001.42
Item number ARI
100 ## - MAIN ENTRY--PERSONAL NAME
Personal name Ari, Vijay Kumar
245 #0 - TITLE STATEMENT
Title Research methodology theory and practice /
Statement of responsibility, etc Vijay Kumar Ari
260 ## - PUBLICATION, DISTRIBUTION, ETC. (IMPRINT)
Place of publication, distribution, etc Jaipur :
Name of publisher, distributor, etc Book Enclave,
Date of publication, distribution, etc 2024.
300 ## - PHYSICAL DESCRIPTION
Extent vii, 292 p.; hb
650 ## - SUBJECT ADDED ENTRY--TOPICAL TERM
Topical term or geographic name as entry element Academic writing
650 ## - SUBJECT ADDED ENTRY--TOPICAL TERM
Topical term or geographic name as entry element Research methods
650 ## - SUBJECT ADDED ENTRY--TOPICAL TERM
Topical term or geographic name as entry element Social science research
650 ## - SUBJECT ADDED ENTRY--TOPICAL TERM
Topical term or geographic name as entry element Statistical methods
650 ## - SUBJECT ADDED ENTRY--TOPICAL TERM
Topical term or geographic name as entry element Research methodology
942 ## - ADDED ENTRY ELEMENTS (KOHA)
Koha item type Text Books
Holdings
Withdrawn status Lost status Damaged status Not for loan Collection code Home library Location Shelving location Date of Cataloging Source of acquisition Total Checkouts Full call number Barcode Date last seen Price effective from Koha item type
        Non-fiction CUTN Central Library CUTN Central Library Generalia 29/04/2026 Kiran Book Centre, Bengaluru - Invoice No. 301/25-26 on 11-02-2026   001.42 ARI 56203 29/04/2026 29/04/2026 Text Books
        Non-fiction CUTN Central Library CUTN Central Library Generalia 29/04/2026 Kiran Book Centre, Bengaluru - Invoice No. 301/25-26 on 11-02-2026   001.42 ARI 56204 29/04/2026 29/04/2026 Text Books
        Non-fiction CUTN Central Library CUTN Central Library Generalia 29/04/2026 Kiran Book Centre, Bengaluru - Invoice No. 301/25-26 on 11-02-2026   001.42 ARI 56205 29/04/2026 29/04/2026 Text Books
        Non-fiction CUTN Central Library CUTN Central Library Generalia 29/04/2026 Kiran Book Centre, Bengaluru - Invoice No. 301/25-26 on 11-02-2026   001.42 ARI 56206 29/04/2026 29/04/2026 Text Books
        Non-fiction CUTN Central Library CUTN Central Library Generalia 29/04/2026 Kiran Book Centre, Bengaluru - Invoice No. 301/25-26 on 11-02-2026   001.42 ARI 56207 29/04/2026 29/04/2026 Text Books